[Event "ICS rated blitz match"]
[Site "207.99.83.227"]
[Date "1999.04.04"]
[Round "?"]
[White "Hossa"]
[Black "TDChess"]
[Result "0-1"]
[WhiteElo "2335"]
[BlackElo "2630"]
[Annotator "Crafty v16.6"]
[PlyCount "132"]

{annotating for player Hossa using a scoring margin of +0.10 pawns. search
time limit is 20.00} 1. e4 1... e6 2. Nf3 d5 3. exd5 exd5 4. d4 ({8:+0.10} 4.
d4 4... Nf6 5. Bb5+ c6 6. Bd3 Bb4+ 7. Bd2 Bxd2+ 8. Nbxd2 O-O 9. O-O 9... Bg4
$10) ({8:+0.90} 4. Bb5+ 4... Bd7 5. Be2 Nc6 6. O-O Be7 7. Nc3 Bg4 8. Nb5 $16)
4... Nf6 5. Bg5 Bb4+ 6. c3 Bd6 7. Qe2+ Kf8 8. Nbd2 h6 9. Bh4 g5 10. Bg3 Kg7 11.
O-O-O Bxg3 12. hxg3 Re8 13. Ne5 Ng4 14. f3 Nxe5 15. dxe5 Nc6 16. f4 Qe7 17. Qh5
Rh8 18. Nf3 Be6 19. Bd3 Qc5 20. Kb1 ({8:+1.90} 20. Kb1 20... gxf4 21. gxf4 Kf8
22. f5 Bc8 23. f6 d4 24. c4 $18) ({8:+3.10} 20. Nxg5 20... Qe3+ 21. Rd2 Kf8 22.
Nxe6+ fxe6 23. Qg6 Nd8 24. Rxh6 Rxh6 25. Qxh6+ 25... Ke8 $18) 20... gxf4 21.
gxf4 Rag8 22. f5 Bc8 23. e6 ({8:+2.02} 23. e6 23... Qe7 24. Rde1 Kf8 25. exf7
Qxf7 26. Qh3 Qf6 27. Re3 27... Kg7 $18) ({8:+2.47} 23. f6+ 23... Kf8 24. Bf5
Be6 25. Bxe6 fxe6 26. Rd2 Qc4 27. Nd4 Nxd4 28. Rxd4 28... Rg5 $18) 23... Qe7
24. exf7 ({7:+1.97} 24. exf7 24... Qxf7 25. Qh3 h5 26. Rde1 Qf6 27. Qg3+ Kf8
28. Qxc7 28... Bxf5 $18) ({7:+2.22} 24. Rde1 24... Kf8 25. exf7 Qxf7 26. Qh3
Kg7 27. Rhf1 Qf6 28. Qh5 $18) 24... Qxf7 25. Rde1 ({8:+1.31} 25. Rde1 25...
Qxh5 26. Rxh5 Re8 27. Be2 Ne5 28. Bb5 c6 29. Rxe5 Rxe5 30. Nxe5 30... cxb5 $16)
({8:+2.01} 25. Qh3 25... Qf6 26. Rhe1 Bd7 27. Re2 Re8 28. Qg4+ Kh7 29. Red2 $18
) 25... Qxh5 26. Rxh5 Kf6 27. Re2 Ne7 28. Nd4 Rg3 29. Rh3 ({9:-0.67} 29. Rh3
29... Rxh3 30. gxh3 c5 31. Nb5 c4 32. Bc2 Rg8 33. Kc1 Bxf5 34. Bxf5 Nxf5 35.
Nxa7 $15) ({9:+0.60} 29. Bc2 29... Rg5 30. Rh4 h5 31. Rf4 Rhg8 32. Rff2 Nxf5
33. Rf4 $14) 29... Rxh3 30. gxh3 c5 31. Nb5 Rg8 32. Kc1 Bxf5 33. Rxe7 Bxd3 34.
Rxb7 a5 35. Rb6+ Ke5 36. Na7 Bf5 37. Nc6+ Ke4 38. Ne7 Rg1+ 39. Kc2 Bxh3 40.
Rxh6 Rg3 41. Kb3 d4 42. Nc6 d3 43. Nxa5 d2 44. Kc2 Rd3 45. Rh4+ Kf5 46. Kxd3
d1=Q+ 47. Kc4 Qa4+ 48. b4 Bf1+ 49. Kxc5 Qb5+ 50. Kd6 Qe5+ 51. Kd7 Qg7+ 52. Kc8
Qxc3+ 53. Kb7 Kg5 54. Rh2 Qxb4+ 55. Kc8 Bh3+ 56. Rxh3 Qxa5 57. Rh2 Qf5+ 58. Kb7
Qd7+ 59. Ka8 Qc6+ 60. Ka7 Qc7+ 61. Ka8 Qxh2 62. a3 Qc7 63. a4 Kh6 64. a5 Kh7
65. a6 Kh8 66. a7 Qc8# 0-1

[Event "ICS rated blitz match"]
[Site "207.99.83.227"]
[Date "1999.04.04"]
[Round "?"]
[White "bigsoup"]
[Black "Hossa"]
[Result "0-1"]
[WhiteElo "2149"]
[BlackElo "2330"]
[PlyCount "64"]

1. e4 e5 2. Nf3 Nc6 3. Bc4 Bc5 4. O-O Nf6 5. d4 Bxd4 6. Nxd4 exd4 7. Bg5 O-O 8.
f4 h6 9. Bh4 d6 10. Nd2 Be6 11. Bd3 Rb8 12. Qe2 Nb4 13. e5 Bg4 14. Qf2 dxe5 15.
fxe5 g5 16. exf6 Nxd3 17. cxd3 Re8 18. Ne4 Qd5 19. Bg3 Rbc8 20. h4 gxh4 21.
Bxh4 Qh5 22. Bg3 Be2 23. Qxd4 Rcd8 24. Qe3 Rxd3 25. Qf4 Bxf1 26. Rxf1 Qg6 27.
Nc3 Rxg3 28. Qf2 Qg4 29. Nd5 Re2 30. Ne7+ Kh8 31. Re1 Rxg2+ 32. Qxg2 32...
Qxg2# {bigsoup checkmated} 0-1

[Event "ICS rated blitz match"]
[Site "207.99.83.227"]
[Date "1999.04.04"]
[Round "?"]
[White "jyrkip"]
[Black "Hossa"]
[Result "0-1"]
[WhiteElo "1968"]
[BlackElo "2338"]
[PlyCount "132"]

1. e4 e5 2. Nf3 Nc6 3. Bb5 a6 4. Ba4 Nf6 5. O-O Be7 6. Re1 b5 7. Bb3 d6 8. h3
O-O 9. c3 a5 10. a4 bxa4 11. Bxa4 Bb7 12. d4 exd4 13. cxd4 Nb4 14. Nc3 Rc8 15.
Bg5 Nxe4 16. Bxe7 Qxe7 17. Nxe4 Bxe4 18. Nd2 d5 19. f3 Nd3 20. fxe4 Nxe1 21.
Qxe1 Rb8 22. b3 dxe4 23. Qxe4 Qxe4 24. Nxe4 Rfd8 25. Rd1 Rb4 26. Nc5 Rbxd4 27.
Rxd4 Rxd4 28. Nb7 Rd5 29. Kf2 Re5 30. Kf3 h5 31. Nd8 Rf5+ 32. Ke3 Rg5 33. Kf3
h4 34. Nc6 f6 35. Nd4 Rd5 36. Ne6 c5 37. Nf4 Rg5 38. Bb5 Kf7 39. Bc4+ Ke7 40.
Nd5+ Kd6 41. Nf4 Rg3+ 42. Kf2 Rc3 43. Ng6 a4 44. Nxh4 axb3 45. Nf5+ Ke5 46.
Bxb3 Kxf5 47. Bd1 Kf4 48. Bf3 Rxf3+ 49. gxf3 c4 50. Ke2 c3 51. Kd3 c2 52. Kxc2
g5 53. Kd2 Kxf3 54. Ke1 Kg2 55. Ke2 f5 56. h4 gxh4 57. Ke3 Kg3 58. Ke2 f4 59.
Kf1 f3 60. Kg1 f2+ 61. Kf1 h3 62. Ke2 h2 63. Kf1 h1=Q+ 64. Ke2 f1=Q+ 65. Kd2
Qc4 66. Ke3 66... Qe1# {jyrkip checkmated} 0-1

[Event "ICS rated blitz match"]
[Site "207.99.83.227"]
[Date "1999.04.04"]
[Round "?"]
[White "Hossa"]
[Black "DANO"]
[Result "1-0"]
[WhiteElo "2341"]
[BlackElo "1952"]
[PlyCount "51"]

1. e4 e6 2. Nf3 d5 3. exd5 exd5 4. d4 Nf6 5. Bg5 Be7 6. Bd3 O-O 7. O-O h6 8.
Bxf6 Bxf6 9. Nbd2 c6 10. c3 Qb6 11. Qc2 Bg4 12. Rae1 Nd7 13. Bf5 Bxf5 14. Qxf5
Qc7 15. Re3 Rae8 16. Rfe1 Rxe3 17. Rxe3 g6 18. Qh3 Bg7 19. Re7 Rd8 20. Ne5 Bxe5
21. dxe5 Qb6 22. Rxd7 Rxd7 23. Qxd7 Qxb2 24. Nf1 Qxc3 25. e6 Qf6 26. e7 {
DANO resigns} 1-0

[Event "ICS rated blitz match"]
[Site "207.99.83.227"]
[Date "1999.04.04"]
[Round "?"]
[White "Hossa"]
[Black "nimraz"]
[Result "1-0"]
[WhiteElo "2347"]
[BlackElo "2183"]
[PlyCount "33"]

1. e4 c5 2. Bc4 e6 3. Nc3 a6 4. a4 Qc7 5. Nf3 Nf6 6. O-O h5 7. e5 Ng4 8. Re1
Nc6 9. Qe2 b6 10. h3 Bb7 11. hxg4 hxg4 12. Nh2 Nxe5 13. Qxe5 Be7 14. Qxc7 Bd6
15. Qxd6 Bd5 16. Nxd5 Ra7 17. Qb8# {nimraz checkmated} 1-0

[Event "ICS rated blitz match"]
[Site "207.99.83.227"]
[Date "1999.04.04"]
[Round "?"]
[White "nimraz"]
[Black "Hossa"]
[Result "0-1"]
[WhiteElo "2174"]
[BlackElo "2356"]
[PlyCount "94"]

1. c4 e5 2. Qc2 Nf6 3. a3 Nc6 4. e3 Be7 5. Nf3 O-O 6. h4 e4 7. Ng5 Re8 8. Nc3
h6 9. Ncxe4 hxg5 10. hxg5 Nxe4 11. Qxe4 Bxg5 12. Qh7+ Kf8 13. Qh8+ Ke7 14. Qxg7
Bf6 15. Qg3 d6 16. d4 Na5 17. e4 Nc6 18. d5 Rg8 19. Qd3 Ne5 20. Qc2 Ke8 21. Bd2
Ng4 22. Bc3 Qe7 23. O-O-O Bxc3 24. bxc3 Bd7 25. Qd2 Kd8 26. f3 Ne5 27. Qd4 Kc8
28. Rh7 Qg5+ 29. Kb2 Qg6 30. Rh1 Ba4 31. Rd2 Qg5 32. Be2 Qxg2 33. Rh7 Qg6 34.
Rh1 Qg3 35. Qe3 Qg2 36. Rh6 Bd1 37. f4 Qxe2 38. Qxe2 Bxe2 39. Rxe2 Nxc4+ 40.
Kb3 b5 41. Kb4 a5+ 42. Kb3 a4+ 43. Kb4 Rb8 44. e5 dxe5 45. fxe5 Rd8 46. Rf6
Rxd5 47. Rxf7 47... c5# {nimraz checkmated} 0-1

[Event "ICS rated blitz match"]
[Site "207.99.83.227"]
[Date "1999.04.04"]
[Round "?"]
[White "Hossa"]
[Black "ceraje"]
[Result "0-1"]
[WhiteElo "2364"]
[BlackElo "2838"]
[Annotator "Crafty v16.6"]
[PlyCount "115"]

{annotating for player Hossa using a scoring margin of +0.10 pawns. search
time limit is 20.00} 1. e4 1... e5 2. Nf3 d6 3. d4 Nd7 4. Bd3 exd4 5. Nxd4 Ngf6
6. O-O Nc5 7. Bg5 Be7 8. Bb5+ Bd7 9. Bxd7+ Nfxd7 10. Bxe7 Qxe7 11. Nc3 O-O-O
12. Ndb5 Nf6 13. Nxa7+ Kb8 14. Nab5 c6 15. Nd4 Nfxe4 16. Nxe4 Qxe4 17. Re1 Qf4
18. Re3 d5 19. Rf3 Qc7 20. Qe1 ({8:+0.55} 20. Qe1 20... Rhe8 21. Qc3 Ne4 22.
Qe3 c5 23. Nb5 23... Qd7 $14) ({8:+0.71} 20. c3 20... Rhe8 21. b4 Ne4 22. Qd3
Qd7 23. Re1 23... b5 $16) 20... Ne4 21. Qc1 h5 22. Rb3 ({9:+0.42} 22. Rb3 22...
Rhe8 23. Qe1 Nc5 24. Re3 Re4 25. Nf5 Qe5 26. Qa5 Rxe3 27. Nxe3 $14) ({9:+0.57} 
22. Qe3 22... Rhe8 23. Rd1 f6 24. Qd3 c5 25. Nb5 Qe5 26. c3 $14) 22... g6 23.
c4 ({9:-1.16} 23. c4 23... dxc4 24. Qxc4 Nd2 25. Qc5 Nxb3 26. axb3 Rhe8 27.
Qa7+ Kc8 28. Qa8+ Qb8 29. Qa4 $17) ({9:+0.49} 23. f3 23... Nd6 24. Qe3 Rhe8 25.
Qc3 Nc4 26. Rd1 Re3 27. Qb4 Rxb3 28. Qxb3 $14) 23... Kc8 24. cxd5 Rxd5 25. Ra3
Rhd8 26. Nc2 ({9:-0.35} 26. Nc2 26... Rd1+ 27. Qxd1 Rxd1+ 28. Rxd1 Qb6 29. Re3
Qxb2 30. Rxe4 Qxc2 31. Re8+ Kc7 32. Re7+ 32... Kb6 $15) ({9:+0.22} 26. Nf3
26... Qb6 27. Re3 Nd2 28. b3 Nxf3+ 29. Rxf3 Qd4 30. Qf1 f6 31. Re1 $10) 26...
Qb6 27. Ne3 Rd2 28. Rb3 ({9:-0.96} 28. Rb3 28... Qd4 29. f3 Nc5 30. Rc3 Na4 31.
Ra3 Nxb2 32. Ra8+ 32... Kc7 $17) ({9:-0.77} 28. Ra8+ 28... Kc7 29. Rxd8 Kxd8
30. Qf1 f5 31. Nd1 Qa6 32. Qxa6 bxa6 33. f3 33... Nc5 $17) 28... Qd4 29. f3 Nc5
30. Ra3 Na4 31. b4 Qxb4 32. Rb3 Qd4 33. Kh1 Re8 34. Nf1 Rde2 35. Rbb1 Nc3 36.
Qa3 Nxb1 37. Rxb1 Kb8 38. Qa6 Rb2 39. Rxb2 Qxb2 40. Qd3 Qf2 41. f4 Kc7 42. Qf3
Qxf3 43. gxf3 Ra8 44. f5 Rxa2 45. fxg6 fxg6 46. Ng3 b5 47. Ne4 b4 48. Nc5 Kb6
49. Nb3 c5 50. f4 c4 51. Nd4 b3 52. Nf3 c3 53. f5 c2 54. Kg2 c1=Q+ 55. Kg3 Qc7+
56. Ne5 Qxe5+ 57. Kf3 g5 58. f6 0-1

[Event "ICS rated blitz match"]
[Site "207.99.83.227"]
[Date "1999.04.04"]
[Round "?"]
[White "Hossa"]
[Black "KOFF"]
[Result "1-0"]
[WhiteElo "2362"]
[BlackElo "2247"]
[PlyCount "41"]

1. e4 e5 2. Nf3 Nc6 3. Bc4 Nf6 4. Ng5 d5 5. exd5 Na5 6. Bb5+ c6 7. dxc6 bxc6 8.
Qf3 Qc7 9. Nc3 Rb8 10. Be2 h6 11. Nge4 Nxe4 12. Qxe4 Be7 13. d4 exd4 14. Bf4
Qd7 15. Bxb8 dxc3 16. b4 Qd2+ 17. Kf1 Be6 18. bxa5 O-O 19. Bxa7 Bf6 20. Bd3 g6
21. Be3 {KOFF resigns} 1-0

[Event "ICS rated blitz match"]
[Site "207.99.83.227"]
[Date "1999.04.04"]
[Round "?"]
[White "Eza"]
[Black "Hossa"]
[Result "1-0"]
[WhiteElo "2083"]
[BlackElo "2373"]
[Annotator "Crafty v16.6"]
[PlyCount "124"]

{annotating for player Hossa using a scoring margin of +0.10 pawns. search
time limit is 20.00} 1. Nf3 1... d5 2. c4 dxc4 3. Qa4+ Nc6 4. Qxc4 e5 5. Nc3
Nf6 ({8:-0.09} 5... Nf6 6. Ng5 Qd7 7. Nb5 a6 8. Nc3 Na5 9. Qh4 $10) ({8:+0.02} 
5... Bd6 6. e4 Nf6 7. Be2 O-O 8. O-O Be6 9. Qd3 $10) 6. Ng5 Qd7 7. Nb5 Bd6 ({
9:+0.30} 7... Bd6 8. e3 O-O 9. Bd3 Nb4 10. O-O Nxd3 11. Qxd3 e4 12. Qc4 $10) ({
9:+0.49} 7... a6 8. Nc3 Bb4 9. Nce4 Nxe4 10. Qxe4 Qg4 11. a3 11... Qxe4 $15) 8.
Nxd6+ cxd6 9. f4 d5 10. Qc5 exf4 11. d3 Qc7 12. Nf3 Be6 ({9:+0.49} 12... Be6
13. Nd4 a6 14. Nxc6 bxc6 15. Bd2 a5 16. Qd4 Nh5 17. Qc5 $15) ({9:+0.66} 12...
Bd7 13. Nd4 a6 14. Nxc6 Bxc6 15. Bd2 Qe5 16. d4 Qe4 17. Bb4 $15) 13. Bd2 Rc8 ({
9:+0.51} 13... Rc8 14. Nd4 Qe5 15. Nxe6 fxe6 16. Qb5 Rc7 17. Ba5 b6 18. Bc3 $15
) ({9:+0.67} 13... Nh5 14. Nd4 Qb6 15. Qxb6 axb6 16. Nb5 O-O 17. Nd6 d4 18. b3
$15) 14. Ng5 Bg4 15. h3 Qe5 16. hxg4 Qxg5 17. g3 b6 ({9:+0.54} 17... b6 18. Qa3
Nxg4 19. Bxf4 Qe7 20. Qxe7+ Nxe7 21. Bh3 f5 22. Bxg4 fxg4 23. Kd2 $15) ({
9:+0.73} 17... Nd7 18. gxf4 Qxf4 19. Bxf4 Nxc5 20. Bh3 Ne6 21. Bd6 Rd8 22. Bg3
$17) 18. Qd6 Qxg4 ({9:-0.28} 18... Qxg4 19. Bh3 Qxg3+ 20. Kd1 Ng4 21. Be1 Ne3+
22. Kc1 Nd4+ 23. Bxc8 Nxe2+ 24. Kb1 24... Qf3 $10) ({9:+0.48} 18... Nxg4 19.
Bxf4 Qf5 20. Rc1 Ne7 21. Rxc8+ Qxc8 22. Bg2 Nf6 23. O-O 23... Qg4 $15) 19. Bxf4
Qe6 20. Bh3 Qxd6 21. Bxd6 Rd8 22. Bc7 Ra8 23. Rc1 Ne7 24. Bd6 Ng6 25. O-O h5 ({
10:-1.76} 25... h5 26. Rf3 d4 27. Rc4 Ng4 28. Rxd4 N6e5 29. Rf5 f6 30. Rd5 $18)
({10:-0.43} 25... Rd8 26. Ba3 h5 27. Rc7 h4 28. Rf3 hxg3 29. Rxg3 d4 30. Rxa7
30... Nf4 $14) 26. Bc8 Ne7 27. Bh3 h4 ({11:-0.67} 27... h4 28. Rc7 Ng6 29. Rf3
d4 30. Rxf6 gxf6 31. Bg2 Rb8 32. Bc6+ Kd8 33. Rd7+ Kc8 34. Bxb8 Kxb8 35. gxh4
Rxh4 36. Rxf7 $14) ({11:+0.00} 27... Ng6 $10) 28. Rc7 Neg8 29. gxh4 Rxh4 30.
Bc8 Rh6 ({11:-0.83} 30... Rh6 31. Rfc1 Rg6+ 32. Kf1 Rh6 33. R1c2 Rh1+ 34. Kg2
Rh5 35. Bd7+ Kd8 36. Bc6 Rg5+ 37. Bg3 Rxg3+ 38. Kxg3 Kxc7 39. Bxa8+ $16) ({
11:+0.40} 30... Rxc8 31. Rxc8+ Kd7 32. Bg3 Rg4 33. Rxg8 Nxg8 34. Rxf7+ Ke6 35.
Rf3 g5 36. Kf2 Nf6 37. Ke3 $15) 31. Rfc1 Rg6+ 32. Kf1 Rh6 33. R1c2 g5 34. Bd7+
Kd8 35. Bf5 Nd7 36. Rxd7+ Ke8 37. Rxa7 Rd8 38. Bc7 Rf6 39. e4 dxe4 40. dxe4 Rc8
41. Rg2 Ne7 42. Rxg5 Kf8 43. Rb7 Nxf5 44. Rxf5 Rxf5+ 45. exf5 b5 46. Bd6+ Kg8
47. Rxb5 Rc6 48. Bc5 Ra6 49. a3 Kh7 50. b3 Rf6 51. Be7 Rc6 52. Rc5 Rb6 53. b4
Rb7 54. f6 Ra7 55. b5 Ra5 56. b6 Ra8 57. b7 Rb8 58. Rc7 Kg6 59. Ke2 Kf5 60. Ke3
Ke6 61. a4 Rh8 62. a5 Rb8 1-0

[Event "ICS rated blitz match"]
[Site "207.99.83.227"]
[Date "1999.04.04"]
[Round "?"]
[White "Hossa"]
[Black "Eza"]
[Result "0-1"]
[WhiteElo "2354"]
[BlackElo "2130"]
[Annotator "Crafty v16.6"]
[PlyCount "116"]

{annotating for player Hossa using a scoring margin of +0.10 pawns. search
time limit is 20.00} 1. e4 1... Nc6 2. Nf3 Nh6 3. Bb5 f5 4. d3 fxe4 5. dxe4 Ng4
6. O-O a6 7. Bxc6 bxc6 8. e5 d6 9. h3 Nxe5 10. Nxe5 dxe5 11. Qh5+ g6 12. Qxe5
Rg8 13. Nc3 Bg7 14. Qc5 ({9:+1.10} 14. Qc5 14... Qd6 15. Qc4 Be6 16. Qe2 Bxc3
17. bxc3 Bd5 18. Bh6 18... c5 $16) ({9:+1.54} 14. Qe2 14... Bxc3 15. bxc3 Qd6
16. Rd1 Qf6 17. Qc4 Rf8 18. Be3 18... Bf5 $18) 14... Qd6 15. Ne4 ({9:+0.78} 15.
Ne4 15... Qxc5 16. Nxc5 Rb8 17. c3 Rb5 18. Nb3 Be6 19. Rd1 Bxb3 20. axb3 $16) (
{9:+0.98} 15. Qc4 15... Be6 16. Qe2 Qe5 17. Be3 Qh5 18. Qd3 Qf5 19. Qxf5 19...
gxf5 $16) 15... Qd5 16. Qb4 a5 17. Qb3 Ba6 18. Re1 O-O-O 19. Ng5 ({8:+0.94} 19.
Ng5 19... Bc4 20. Qa3 Be5 21. Qe3 Bf6 22. Nxh7 22... Bh4 $16) ({8:+1.15} 19.
Qa3 19... Qe5 20. Qc5 Bb7 21. Qxe5 Bxe5 22. Ng5 Rd5 23. Nxh7 $16) 19... Bc4 20.
Qa3 Rd7 21. Nxh7 Qf5 22. c3 e6 23. Ng5 Rf8 24. Be3 Rfd8 25. Qa4 ({9:+1.01} 25.
Qa4 25... Qb5 26. Qxb5 cxb5 27. Bf4 b4 28. Nxe6 Bxe6 29. Rxe6 bxc3 30. bxc3
30... Bxc3 $16) ({9:+1.49} 25. b3 25... Bd3 26. b4 Rd5 27. bxa5 Bf6 28. g4 Qe5
29. Bd2 $16) 25... Qb5 26. Qc2 ({10:+0.88} 26. Qc2 26... Bd3 27. Qb3 Bc4 28.
Qxb5 cxb5 29. a4 b4 30. cxb4 Bxb2 31. Rab1 $16) ({10:+1.00} 26. Qxb5 26... cxb5
27. Bc5 b4 28. Nxe6 bxc3 29. Nxg7 cxb2 30. Rab1 Rxg7 31. Rxb2 31... Kd7 $16)
26... Bd3 27. Qc1 Qd5 28. Bf4 e5 29. Bg3 e4 30. Rd1 ({9:+0.75} 30. Rd1 30...
Bf8 31. Bf4 Bd6 32. Qd2 Qf5 33. Be3 Kb8 34. Bd4 $16) ({9:+1.19} 30. Qe3 30...
Re8 31. f3 Qb5 32. Nxe4 Bxe4 33. fxe4 Qxb2 34. e5 34... Rd2 $16) 30... Kb8 31.
Bf4 a4 32. b3 a3 33. Qxa3 Bxc3 34. Rac1 Bd4 35. h4 Qf5 36. Be3 c5 37. Bxd4 cxd4
38. Qb4+ Kc8 39. Qa4 Kb8 40. Qc6 Rf8 41. Rd2 Rf6 42. Qa4 e3 43. fxe3 dxe3 44.
Rb2 e2 45. Qb4+ Kc8 46. Nf3 Qe6 47. Re1 Qe3+ 48. Kh2 Rxf3 49. gxf3 Qf2+ 50. Kh1
Qxf3+ 51. Kg1 Qe3+ 52. Kh2 Qf2+ 53. Kh1 c5 54. Rexe2 Bxe2 55. Qxc5+ Qxc5 56. a3
Rd1+ 57. Kg2 Qg1+ 58. Kh3 Rd3# 0-1

[Event "ICS rated blitz match"]
[Site "207.99.83.227"]
[Date "1999.04.04"]
[Round "?"]
[White "Hossa"]
[Black "jyrkip"]
[Result "1/2-1/2"]
[WhiteElo "2338"]
[BlackElo "1946"]
[PlyCount "127"]

1. e4 c5 2. Bc4 e6 3. Nc3 g6 4. Nf3 Bg7 5. O-O a6 6. d4 cxd4 7. Nxd4 Nc6 8.
Nde2 Nge7 9. Bf4 O-O 10. Bd6 Re8 11. Qd2 Ne5 12. Bb3 N7c6 13. Rad1 b5 14. f4
Qb6+ 15. Kh1 Ng4 16. e5 Nf2+ 17. Rxf2 Qxf2 18. Ne4 Qh4 19. Nf6+ Bxf6 20. exf6
Qxf6 21. c4 bxc4 22. Bxc4 Bb7 23. Qc3 Qxc3 24. Nxc3 e5 25. Nd5 exf4 26. Nf6+
Kg7 27. Nxe8+ Rxe8 28. Rf1 Ne5 29. Bxe5+ Rxe5 30. Rxf4 Re1+ 31. Rf1 Rxf1+ 32.
Bxf1 Kf6 33. b4 Ke5 34. a4 Kd4 35. b5 axb5 36. Bxb5 Bc6 37. Ba6 Bxa4 38. h3 d5
39. Kg1 Bb3 40. Kf2 Bc4 41. Bc8 f6 42. Be6 Ke5 43. Bg8 h6 44. Bf7 g5 45. g4 f5
46. gxf5 Kxf5 47. Kf3 Ke5 48. Kg4 Be2+ 49. Kg3 d4 50. Kf2 d3 51. Ke1 Ke4 52.
Kd2 Kd4 53. Bg6 Bf1 54. Bf5 h5 55. Bd7 Bxh3 56. Bxh3 g4 57. Bf1 h4 58. Bxd3 h3
59. Bb5 g3 60. Ke2 g2 61. Kf2 Kc5 62. Bd3 h2 63. Kxg2 h1=Q+ 64. Kxh1 {
Game drawn because neither player has mating material} 1/2-1/2

[Event "ICS rated blitz match"]
[Site "207.99.83.227"]
[Date "1999.04.04"]
[Round "?"]
[White "jyrkip"]
[Black "Hossa"]
[Result "0-1"]
[WhiteElo "1959"]
[BlackElo "2325"]
[PlyCount "74"]

1. e4 c5 2. Nf3 Nc6 3. d4 cxd4 4. Nxd4 Qb6 5. Nb3 Nf6 6. Nc3 e6 7. Be3 Qd8 8.
Be2 Bb4 9. f3 Bxc3+ 10. bxc3 d6 11. O-O O-O 12. Nd4 Qd7 13. Qd2 d5 14. Bd3 dxe4
15. fxe4 Ne5 16. Kh1 Qd6 17. Bg5 Nfg4 18. h3 Nxd3 19. hxg4 Nc5 20. Qe3 Nd7 21.
Rad1 Qa6 22. Rf3 f6 23. Bh4 Ne5 24. Rh3 Qxa2 25. g5 Nc4 26. Qg3 fxg5 27. Bxg5
e5 28. Nf5 Bxf5 29. exf5 Qxc2 30. Rf1 Rxf5 31. Rxf5 Qxf5 32. Qh4 Qb1+ 33. Kh2
b5 34. Rf3 a5 35. Qg4 Qg6 36. Qh4 a4 37. Rd3 37... Qxd3 {jyrkip resigns} 0-1

[Event "ICS rated blitz match"]
[Site "207.99.83.227"]
[Date "1999.04.04"]
[Round "?"]
[White "Hossa"]
[Black "jyrkip"]
[Result "1-0"]
[WhiteElo "2328"]
[BlackElo "1956"]
[PlyCount "89"]

1. e4 c5 2. Bc4 Nc6 3. f4 e6 4. Nc3 g6 5. Nf3 a6 6. O-O Bg7 7. d3 Nge7 8. e5 d6
9. exd6 Qxd6 10. Ne4 Bd4+ 11. Kh1 Qd8 12. c3 Bg7 13. Nxc5 O-O 14. Be3 b5 15.
Bb3 Nf5 16. Qd2 Nxe3 17. Qxe3 Na5 18. Rae1 Nxb3 19. axb3 Qd6 20. Ng5 Rb8 21.
Ra1 h6 22. Nge4 Qc6 23. d4 b4 24. c4 Rd8 25. Rfd1 Bb7 26. Nxb7 Rxb7 27. Nc5 Ra7
28. d5 exd5 29. Ne6 Qxe6 30. Qxa7 Bxb2 31. Rxa6 Qe2 32. Qg1 d4 33. Ra2 d3 34.
Rf1 Qc2 35. Qb6 Rf8 36. Qf2 d2 37. Qf3 Rd8 38. Rd1 Re8 39. Rf1 Re1 40. Ra8+ Kg7
41. Rd8 Bc3 42. f5 g5 43. f6+ Kh7 44. Kg1 Qxb3 45. Qf5# {jyrkip checkmated} 1-0

[Event "ICS rated blitz match"]
[Site "207.99.83.227"]
[Date "1999.04.04"]
[Round "?"]
[White "exclam"]
[Black "Hossa"]
[Result "0-1"]
[WhiteElo "2167"]
[BlackElo "2331"]
[PlyCount "80"]

1. e4 e5 2. f4 exf4 3. Nf3 Bb4 4. c3 Be7 5. Bc4 Bh4+ 6. Kf1 Nc6 7. d4 Bg5 8.
Nxg5 Qxg5 9. Qf3 Qg6 10. Bxf4 d6 11. Nd2 Nf6 12. Re1 Bg4 13. Qf2 O-O 14. h3 Bd7
15. Qg3 Qxg3 16. Bxg3 Na5 17. Bd3 Rae8 18. Kf2 Nh5 19. Bh2 Re7 20. g4 Nf6 21.
Rhf1 Nc6 22. Kg1 Ne8 23. Bg3 Kh8 24. Bh4 f6 25. Kh2 Be6 26. e5 dxe5 27. dxe5
Rd7 28. Rf3 Nxe5 29. Rxe5 Rxd3 30. Rxd3 fxe5 31. Rd8 Bxa2 32. Ne4 Bb1 33. Be7
Rg8 34. Ng5 Ba2 35. Ra8 a6 36. Ra7 Bd5 37. c4 Bxc4 38. Rxb7 Bd5 39. Rb8 h6 40.
Rd8 40... Nd6 {exclam resigns} 0-1

[Event "ICS rated blitz match"]
[Site "207.99.83.227"]
[Date "1999.04.04"]
[Round "?"]
[White "exclam"]
[Black "Hossa"]
[Result "0-1"]
[WhiteElo "2153"]
[BlackElo "2338"]
[PlyCount "73"]

1. e4 c5 2. Nf3 Nc6 3. d4 cxd4 4. Nxd4 Qb6 5. Nb3 Nf6 6. Nc3 e6 7. Be3 Qd8 8.
Be2 Bb4 9. f3 Bxc3+ 10. bxc3 d6 11. O-O O-O 12. Qd2 Ne8 13. Rfd1 f5 14. exf5
Rxf5 15. Bd3 Rf8 16. Nd4 Nc7 17. Bg5 Qe8 18. Re1 Qf7 19. Qe3 Qh5 20. Qe4 Qxg5
21. Qxh7+ Kf7 22. f4 Qf6 23. Qh5+ Ke7 24. Nf5+ Kd7 25. Ng3 Qxf4 26. Rf1 Qe3+
27. Kh1 Rxf1+ 28. Rxf1 Ne5 29. Nf5 exf5 30. Qxf5+ Kc6 31. Be4+ Kc5 32. Qh7 Qg5
33. Bd3 Nd5 34. Qe4 Nxc3 35. Qe1 Kd4 36. Bh7 Nxa2 37. Qf2+ {exclam resigns} 0-1

[Event "ICS rated blitz match"]
[Site "207.99.83.227"]
[Date "1999.04.04"]
[Round "?"]
[White "Hossa"]
[Black "salzi"]
[Result "1-0"]
[WhiteElo "2345"]
[BlackElo "1962"]
[PlyCount "53"]

1. e4 c5 2. Bc4 Nc6 3. f4 d6 4. Nf3 e6 5. O-O a6 6. d3 Nf6 7. Re1 Be7 8. e5
dxe5 9. fxe5 Nd5 10. Bd2 O-O 11. Nc3 b5 12. Bxd5 exd5 13. Rf1 Be6 14. Qe1 b4
15. Ne2 f6 16. Nf4 Bg4 17. exf6 Bxf6 18. Ne6 Qd7 19. Nxf8 Rxf8 20. c3 Re8 21.
Qf2 Bf5 22. Ne1 Bg4 23. Qxc5 Re2 24. Bg5 Bh3 25. Bxf6 Qg4 26. Qxc6 Rxg2+ 27.
Kh1 {salzi resigns} 1-0

[Event "ICS rated blitz match"]
[Site "207.99.83.227"]
[Date "1999.04.04"]
[Round "?"]
[White "TRCCprez"]
[Black "Hossa"]
[Result "0-1"]
[WhiteElo "2231"]
[BlackElo "2348"]
[PlyCount "62"]

1. d4 Nf6 2. c4 g6 3. Nc3 Bg7 4. e4 d6 5. f4 O-O 6. Nf3 c5 7. d5 e6 8. dxe6
fxe6 9. Be2 Nc6 10. O-O Nh5 11. g3 Bxc3 12. bxc3 Nf6 13. Be3 Nxe4 14. Bd3 Nf6
15. Ng5 Rb8 16. Re1 Qc7 17. h4 Nd8 18. h5 gxh5 19. Qc2 Qg7 20. Kg2 h6 21. Nf3
Ng4 22. Bg1 Rxf4 23. Bg6 Rxc4 24. Bxh5 Nf6 25. Bg6 Nd5 26. Rad1 Bd7 27. Nh4 Ba4
28. Qe2 Rxh4 29. Rxd5 Bc6 30. c4 Qxg6 31. Rf1 31... Rxc4 {TRCCprez resigns} 0-1